<?xml version='1.0' encoding='UTF-8'?>
  <record xmlns="http://www.loc.gov/MARC21/slim">
    <leader>00000cam a2200000 a 4500</leader>
    <controlfield tag="001">ocm39707345</controlfield>
    <controlfield tag="003">OCoLC</controlfield>
    <controlfield tag="005">20250723235403.2</controlfield>
    <controlfield tag="008">980818s1914    wlk           001 0 wel d</controlfield>
    <datafield tag="040" ind1=" " ind2=" ">
      <subfield code="a">EQF</subfield>
      <subfield code="b">eng</subfield>
      <subfield code="c">EQF</subfield>
      <subfield code="d">NLGGC</subfield>
      <subfield code="d">SNU</subfield>
      <subfield code="d">UKMGB</subfield>
      <subfield code="d">ERN</subfield>
      <subfield code="d">OCLCQ</subfield>
      <subfield code="d">OCLCO</subfield>
      <subfield code="d">OCLCF</subfield>
      <subfield code="d">QGJ</subfield>
      <subfield code="d">OCLCO</subfield>
      <subfield code="d">OCLCQ</subfield>
      <subfield code="d">OCLCL</subfield>
      <subfield code="d">OCLCQ</subfield>
      <subfield code="d">OCLCL</subfield>
    </datafield>
    <datafield tag="016" ind1="7" ind2=" ">
      <subfield code="a">000005447</subfield>
      <subfield code="2">Uk</subfield>
    </datafield>
    <datafield tag="029" ind1="1" ind2=" ">
      <subfield code="a">NLGGC</subfield>
      <subfield code="b">060912545</subfield>
    </datafield>
    <datafield tag="035" ind1=" " ind2=" ">
      <subfield code="a">(OCoLC)39707345</subfield>
    </datafield>
    <datafield tag="050" ind1=" " ind2="4">
      <subfield code="a">PB2273.D35</subfield>
      <subfield code="b">A17 1914</subfield>
    </datafield>
    <datafield tag="082" ind1="0" ind2="4">
      <subfield code="a">891.66</subfield>
      <subfield code="1">https://id.oclc.org/worldcat/ddc/E3BkCXMHPfhdbJmQkKkHjC7GwJ</subfield>
    </datafield>
    <datafield tag="084" ind1=" " ind2=" ">
      <subfield code="a">18.67</subfield>
      <subfield code="2">bcl</subfield>
    </datafield>
    <datafield tag="100" ind1="0" ind2=" ">
      <subfield code="a">Dafydd ab Edmwnd,</subfield>
      <subfield code="d">active 1450-1490.</subfield>
      <subfield code="1">https://id.oclc.org/worldcat/entity/E39PCjHcjXkmx33bwbXhdbgcbm</subfield>
    </datafield>
    <datafield tag="245" ind1="1" ind2="0">
      <subfield code="a">Gwaith Dafydd ab Edmwnd :</subfield>
      <subfield code="b">a gasglwyd o ysgriflyfrau Peniarth, Llanstephan, Caerdydd, Havod, Mostyn, Coleg yr Iesu a'r Amgueddfa Brydeinig /</subfield>
      <subfield code="c">gan Thomas Roberts.</subfield>
    </datafield>
    <datafield tag="260" ind1=" " ind2=" ">
      <subfield code="a">Bangor :</subfield>
      <subfield code="b">Bangor Welsh Manuscripts Society,</subfield>
      <subfield code="c">1914</subfield>
      <subfield code="e">(Bangor :</subfield>
      <subfield code="f">Jarvis &amp; Foster)</subfield>
    </datafield>
    <datafield tag="300" ind1=" " ind2=" ">
      <subfield code="a">xvii, 171, [1] pages ;</subfield>
      <subfield code="c">23 cm</subfield>
    </datafield>
    <datafield tag="336" ind1=" " ind2=" ">
      <subfield code="a">text</subfield>
      <subfield code="b">txt</subfield>
      <subfield code="2">rdacontent</subfield>
    </datafield>
    <datafield tag="337" ind1=" " ind2=" ">
      <subfield code="a">unmediated</subfield>
      <subfield code="b">n</subfield>
      <subfield code="2">rdamedia</subfield>
    </datafield>
    <datafield tag="338" ind1=" " ind2=" ">
      <subfield code="a">volume</subfield>
      <subfield code="b">nc</subfield>
      <subfield code="2">rdacarrier</subfield>
    </datafield>
    <datafield tag="490" ind1="0" ind2=" ">
      <subfield code="a">Bangor Welsh Manuscripts Society ;</subfield>
      <subfield code="v">6-8</subfield>
    </datafield>
    <datafield tag="500" ind1=" " ind2=" ">
      <subfield code="a">Includes index.</subfield>
    </datafield>
    <datafield tag="500" ind1=" " ind2=" ">
      <subfield code="a">Two hundred copies printed.</subfield>
    </datafield>
    <datafield tag="650" ind1=" " ind2="0">
      <subfield code="a">Welsh poetry</subfield>
      <subfield code="y">To 1550.</subfield>
    </datafield>
    <datafield tag="650" ind1=" " ind2="6">
      <subfield code="a">Poésie galloise</subfield>
      <subfield code="y">Jusqu'à 1550.</subfield>
    </datafield>
    <datafield tag="650" ind1=" " ind2="7">
      <subfield code="a">Welsh poetry.</subfield>
      <subfield code="2">fast</subfield>
      <subfield code="0">(OCoLC)fst01173837</subfield>
    </datafield>
    <datafield tag="648" ind1=" " ind2="7">
      <subfield code="a">To 1550</subfield>
      <subfield code="2">fast</subfield>
    </datafield>
    <datafield tag="650" ind1="1" ind2="7">
      <subfield code="a">Gedichten.</subfield>
      <subfield code="2">gtt</subfield>
    </datafield>
    <datafield tag="650" ind1="1" ind2="7">
      <subfield code="a">Welsh.</subfield>
      <subfield code="2">gtt</subfield>
    </datafield>
    <datafield tag="700" ind1="1" ind2=" ">
      <subfield code="a">Roberts, Thomas,</subfield>
      <subfield code="d">1884-1960.</subfield>
      <subfield code="1">https://id.oclc.org/worldcat/entity/E39PCjrjtVpjFtTm4gdw69BPFC</subfield>
    </datafield>
    <datafield tag="710" ind1="2" ind2=" ">
      <subfield code="a">Bangor Welsh Manuscripts Society.</subfield>
    </datafield>
    <datafield tag="776" ind1="0" ind2="8">
      <subfield code="i">Online version:</subfield>
      <subfield code="a">Dafydd ab Edmwnd, active 1450-1497.</subfield>
      <subfield code="t">Gwaith Dafydd ab Edmwnd.</subfield>
      <subfield code="d">Bangor : Bangor Welsh Manuscripts Society, 1914 (Bangor : Jarvis &amp; Foster)</subfield>
      <subfield code="w">(OCoLC)890949030</subfield>
    </datafield>
  </record>